العرب في الشام قبل الاسلام : محمد احمد باشميل

Bibliographic Details
Main Author: باشميل، محمد احمد (Author)
Format: Book
Published: Bayrut : Dar al-Fikr , 1973
Subjects:

MARC

LEADER 00000cam a2200000 7i4500
001 0000002342
005 20220705093000.0
008 021118s1973
090 0 0 |a DS96.2   |b .B2 
100 0 |a باشميل، محمد احمد ,   |e author 
241 0 3 |a al-Arab fi al-Sham qabla al-Islam 
245 1 2 |a العرب في الشام قبل الاسلام :   |b محمد احمد باشميل 
260 2 |a Bayrut :   |b Dar al-Fikr ,   |c 1973 
300 |a 230 p. ;   |c 25 cm. 
504 |a Bibliography (p. 230) 
650 0 |a Arabs   |z Syria 
999 |a 1000042798   |b Book   |c OPEN SHELF (30 DAYS)   |e Gong Badak Campus